000 00216 a2200109 4500
020 _a9781616381493
041 _aeng
100 _aCherie Calbom
245 _aThe juice ladys turbo diet
942 _cBK
952 _71
999 _c22255
_d22255